| 000 | 01238nam 22002053 4500 | ||
|---|---|---|---|
| 001 | 32639 | ||
| 010 | _a2-7260-0176-9 | ||
| 090 | _a32639 | ||
| 100 | _a20260326d1995 u||y0engy50 ba | ||
| 101 | _aeng | ||
| 102 | _aFR | ||
| 200 |
_aMediterranean Sepiolidae _eLes sépioles de Méditerranée _fS. v. Boletzky, _gMusée Oceanographique |
||
| 210 |
_aMónaco _d1995 |
||
| 225 | _aN.º 16 | ||
| 300 | _aNota: Bulletin du Musée océanographique de Mónaco, n.º spécial 16 (1995) | ||
| 330 | _aO volume especial do Bulletin de l'Institut océanographique de Mônaco, "Mediterranean Sepiolidae les sépioles de Méditerranée" (1995), editado por S. v. Boletzky, é uma compilação científica fundamental dedicada à biologia, ecologia e taxonomia das sépiolas (família Sepiolidae) no Mar Mediterrâneo. Este volume é um recurso essencial para a identificação precisa e compreensão da ecologia dos pequenos cefalópodes do Mediterrâneo | ||
| 345 | _dOferta | ||
| 606 |
_aSepietta (gênero) Rossia macrosoma / _xNeorossia caroli (espécies) Biodiversidade _xDistribuição Chave de identificação dos sepiolídeos mediterrâneos _yMediterrâneo _z19985 |
||
| 700 |
_aBoletzky, _bS. v. |
||
| 701 | _aMusée Oceanographique, Monaco | ||